000 00415nam a2200157Ia 4500
008 230917s9999||||xx |||||||||||||| ||und||
040 _e210732
_aMAIN
041 _aEnglish
082 _a658 C587M(3)
100 _aClegg, Stewart R
245 0 _aManaging and Organizations: An Introduction to Theory and Practice.
250 _a3rd ed.
260 _bSage Publications
_c2011
300 _a681 p.
942 _cBK
999 _c172077
_d172077